| 000 | 00519nam a2200181Ia 4500 | ||
|---|---|---|---|
| 999 |
_c29286 _d29286 |
||
| 003 | OSt | ||
| 005 | 20210210153350.0 | ||
| 008 | 190216s9999||||xx |||||||||||||| ||und|| | ||
| 020 | _a9788171303083 | ||
| 040 | _coclc | ||
| 082 |
_a894.812301 _bBAS/A |
||
| 100 |
_aBasheer, Vaikom Muhammad _97034 |
||
| 245 | 0 |
_aAnappooda / _cVaikom Muhammad Basheer |
|
| 260 |
_bD C Books, _aKottayam: _c2008. |
||
| 300 | _a107p | ||
| 650 | _aKathakal | ||
| 942 |
_cBK _2ddc _h894.812301 _iBAS/A _k894.812301 _mBAS/A |
||